000 00412pab a2200157 454500
008 180718b2017 xxu||||| |||| 00| 0 eng d
100 _aGill, Manohar Singh
245 _aTravails of the Punjab
260 _c2017
300 _ap.23-24.
362 _a21 Jan
650 _aPunjab - Politics and government
650 _aPolitics and government
773 _aEconomic and Political Weekly
909 _a113544
999 _c113539
_d113539